Most Guessed Cities By Random Country - Statistics

General Stats
  • This quiz has been taken 3,573 times
  • The average score is 19 of 30
Answer Stats
Region Percentage City % Correct
South Korea* 100% Seoul
99%
Mexico 100% Mexico City
98%
Belgium* 100% Brussels
97%
Israel* 99% Jerusalem
97%
Portugal 100% Lisbon
97%
Norway* 100% Oslo
97%
France 100% Paris
97%
Austria* 100% Vienna
97%
Netherlands 100% Amsterdam
96%
Germany 100% Berlin
96%
Turkey 99% Istanbul
96%
United Kingdom 100% London
96%
79% Manila
96%
United States 100% New York City
96%
Japan 100% Tokyo
96%
Poland 99% Warsaw
96%
99% Barcelona
95%
Argentina* 100% Buenos Aires
95%
Denmark* 100% Copenhagen
95%
Finland* 100% Helsinki
95%
Ukraine* 100% Kiev
95%
98% Los Angeles
95%
Spain 100% Madrid
95%
Australia 99% Sydney
95%
Canada 98% Toronto
95%
Colombia 100% Bogota
94%
India 99% Delhi
94%
Indonesia* 100% Jakarta
94%
Russia 100% Moscow
94%
98% Mumbai
94%
89% Ottawa
94%
Czechia* 99% Prague
94%
Brazil 99% Rio de Janeiro
94%
Italy 100% Rome
94%
Sweden 100% Stockholm
94%
98% Ankara
93%
China 99% Beijing
93%
97% Melbourne
93%
96% Munich
93%
Pakistan* 96% Islamabad
92%
96% Milan
92%
95% Rotterdam
92%
98% Shanghai
92%
94% Brasilia
91%
Hungary* 100% Budapest
91%
88% Lyon
91%
97% Manchester
91%
90% Osaka
91%
89% Canberra
90%
South Africa* 99% Cape Town
90%
89% Marseille
90%
92% Naples
90%
96% Saint Petersburg
90%
98% Wellington
90%
92% Hamburg
89%
99% Hanoi
89%
92% Montreal
89%
96% Perth
89%
97% Sao Paulo
89%
99% Tel Aviv
89%
94% Vancouver
89%
Switzerland 97% Bern
88%
93% Chicago
88%
90% Frankfurt
88%
97% Johannesburg
88%
93% Porto
88%
90% Venice
88%
93% Liverpool
87%
New Zealand 98% Auckland
86%
90% Miami
86%
82% Valencia
86%
89% Birmingham
85%
Vietnam* 99% Ho Chi Minh City
85%
94% Zurich
85%
82% Hong Kong
84%
Slovenia* 98% Ljubljana
84%
86% Brisbane
83%
82% Seville
82%
84% Kyoto
81%
86% Florence
80%
96% Karachi
80%
81% Nice
80%
95% Pretoria
80%
97% Antwerp
79%
Slovakia* 100% Bratislava
79%
94% Busan
79%
85% Guadalajara
79%
91% Geneva
78%
92% Guangzhou
78%
93% Salzburg
78%
83% Cologne
77%
93% Krakow
77%
88% Glasgow
76%
91% Kolkata
75%
89% The Hague
75%
93% Lahore
74%
92% Malmo
74%
81% Quebec City
74%
84% Wuhan
73%
73% Bordeaux
72%
90% Christchurch
70%
87% Innsbruck
70%
80% Hiroshima
69%
89% Medellin
68%
77% Tijuana
68%
95% Bergen
66%
87% Gdansk
66%
87% Houston
66%
89% Gothenburg
65%
76% Izmir
65%
73% Monterrey
65%
78% Bangalore
63%
71% Bilbao
63%
81% Chennai
63%
91% Odessa
63%
84% Lviv
62%
90% Ghent
61%
89% Graz
61%
69% Sapporo
60%
71% Manaus
59%
61% Antalya
58%
84% Donetsk
58%
74% Belo Horizonte
56%
89% Durban
56%
82% Linz
56%
95% Brno
55%
82% Kharkiv
55%
64% Basel
53%
91% Bruges
52%
76% Cali
52%
91% Haifa
52%
84% Aarhus
51%
88% Liege
50%
87% Trondheim
50%
65% Utrecht
49%
69% Lodz
48%
85% Surabaya
48%
65% Vladivostok
47%
84% Cebu City
46%
87% Cordoba
45%
81% Bandung
44%
52% Lausanne
44%
68% Wroclaw
44%
60% Eindhoven
43%
50% Yekaterinburg
43%
84% Rosario
42%
54% Volgograd
42%
Philippines* 88% Quezon City
40%
91% Turku
39%
47% Bursa
38%
75% Da Nang
38%
75% Incheon
38%
83% Ostrava
37%
82% Plzen
37%
57% Barranquilla
36%
55% Ciudad Juarez
36%
92% Kosice
36%
90% Tampere
36%
85% Oulu
35%
82% Aalborg
34%
53% Braga
34%
74% Port Elizabeth
33%
90% Maribor
32%
58% Cartagena
30%
53% Hamilton
30%
74% Medan
29%
83% Odense
29%
89% Debrecen
28%
62% Dunedin
28%
71% Mendoza
28%
75% Tromso
28%
61% Uppsala
28%
79% Stavanger
27%
71% Daegu
26%
60% Rawalpindi
26%
80% Espoo
25%
45% Coimbra
22%
80% Gyor
21%
49% Gwangju
19%
78% Pecs
18%
79% Szeged
17%
61% Peshawar
16%
53% Hai Phong
14%
65% Hue
14%
60% Be'er Sheva
13%
56% La Plata
13%
82% Koper
12%
45% Umea
12%
53% Semarang
11%
75% Zilina
11%
69% Olomouc
10%
36% Setubal
10%
48% Ashdod
9%
70% Presov
9%
59% Esbjerg
7%
71% Banska Bystrica
6%
77% Kranj
5%
77% Nova Gorica
4%
68% Baguio
1%
78% Makati
0%
No matching quizzes found
Score Distribution
Percent of People with Each Score
Percentile by Number Answered
Your Score History
You have not taken this quiz